000
00234nam a22001097a 4500
082
_a
823
_b
MAC/S
100
_a
MACBEAN, RACHEL
245
_a
STORIES TO REMEMBER
260
_a
BOMBAY
_b
B-Y-S
650
_a
ENGLISH STORY
_z
INDIA
942
_c
BK
999
_c
7373
_d
7373